|
|
|
|
| LEADER |
01688nam a2200373 a 4500 |
| 001 |
mzk03001082819 |
| 003 |
CZ BrMZK |
| 005 |
20101005094647.0 |
| 007 |
ta |
| 008 |
000105s1741 gw fr|||||00| ||gerod |
| 040 |
|
|
|a BOA001
|b cze
|
| 041 |
1 |
|
|a ger
|h ita
|
| 072 |
|
7 |
|a 094
|x Staré tisky
|2 Konspekt
|9 12
|
| 080 |
|
|
|a (0.068)094
|2 MRF
|
| 100 |
1 |
|
|a Foresti, Antonio,
|d 1625-1692
|7 ola2006357408
|4 aut
|
| 245 |
1 |
4 |
|a Der Historischen Welt-Carten.
|n Vierdter Theil,
|p In sich enthaltend Die Leben derer Königen in Engelland, Schottland, und Schweden /
|c Anfänglich in Italiänischer Sprach beschrieben Durch P. Antonium Foresti, Der Gesellschafft Jesu ; Anjetzo in die Teutsche Sprach übersetzet Von Einem Liebhaber der GeSchichten
|
| 246 |
3 |
0 |
|a In sich enthaltend Die Leben derer Königen in Engelland, Schottland, und Schweden
|
| 260 |
|
|
|a Augspurg :
|b In Verlag Martin Veith,
|c 1741
|
| 300 |
|
|
|a [6], 457, [15] s. ;
|c 2°
|
| 500 |
|
|
|a Výzdoba: Titulní strana tištěna červeně a černě, signet (Turbant, Sed extollunt), vlysy, iniciály, viněty, text tištěn dvousloupcově
|
| 501 |
|
|
|a Přívazek k 3. dílu téhož titulu
|
| 590 |
|
|
|a Poškozeno vlhkem
|
| 655 |
|
7 |
|a staré tisky
|7 fd422076
|2 czenas
|
| 700 |
1 |
|
|a Schlüter, Georg,
|d -1731
|7 mzk2003198561
|4 trl
|
| 856 |
4 |
1 |
|u https://imageserver.mzk.cz/mzk03/001/082/819/001082819.titul.jp2
|y Titulní list
|
| 903 |
|
|
|a RP
|
| 910 |
|
|
|a BOA001
|b ST3-1248.556,3,přív.
|
| 978 |
|
|
|b Veith, Martin
|a Augsburg
|c 1741
|
| 984 |
|
|
|a Augsburg
|b Německo
|
| 985 |
|
|
|a 1701-1750
|
| 990 |
|
|
|a BK
|
| 993 |
|
|
|a Y
|
| 991 |
|
|
|k mzk
|
| 994 |
|
|
|a UP
|l MZK03
|b 001082818
|m přívazek
|n záznam 1. díla (pro objednání pokračujte kliknutím)
|